000
00340 a2200157 4500
001
161776
020
_a
040
_c
Magnum
100
_a
Souza, Anna Maria de
240
1
0
_a
Meu livro de ciencias/v4
_l
por
245
1
0
_a
Meu livro de ciencias/v4
362
0
_a
1899
440
1
_a
FTD
697
_a
CIENCIAS MEDICAS SAUDE
942
_c
BK
999
_c
161776
_d
161776